ბათუმის შოთა რუსთაველის სახელმწიფო უნივერსიტეტის ბიბლიოთეკა

ГОСУДАРСТВО. (ბიბ.ჩანაწერი № 44423)

000 -LEADER
fixed length control field 00604nam a2200241Ia 4500
001 - CONTROL NUMBER
control field 11189
003 - CONTROL NUMBER IDENTIFIER
control field GE_BSU
008 - FIXED-LENGTH DATA ELEMENTS--GENERAL INFORMATION
fixed length control field 181216s||||||||xx |||||||||||||| ||und||
020 ## - INTERNATIONAL STANDARD BOOK NUMBER
International Standard Book Number 9785160067094
040 ## - CATALOGING SOURCE
Transcribing agency GE_BSU
080 ## - UNIVERSAL DECIMAL CLASSIFICATION NUMBER
Universal Decimal Classification number 321(470+571)+340
100 ## - MAIN ENTRY--PERSONAL NAME
Personal name ТИХОМИРОВ,Ю.А
245 ## - TITLE STATEMENT
Title ГОСУДАРСТВО.
245 ## - TITLE STATEMENT
Remainder of title Монография.
245 ## - TITLE STATEMENT
Statement of responsibility, etc. РЕД:Ю.С. Борисенко.
260 ## - PUBLICATION, DISTRIBUTION, ETC.
Place of publication, distribution, etc. МОСКВА.НОРМА.
260 ## - PUBLICATION, DISTRIBUTION, ETC.
Name of publisher, distributor, etc. ИНФРА-М.
260 ## - PUBLICATION, DISTRIBUTION, ETC.
Date of publication, distribution, etc. 2013.
300 ## - PHYSICAL DESCRIPTION
Extent 320С;21см.
653 ## - INDEX TERM--UNCONTROLLED
Uncontrolled term ГОСУДАРСТВО.
942 ## - ADDED ENTRY ELEMENTS (KOHA)
Koha item type წიგნი
ეგზემპლარები
Withdrawn status Lost status Damaged status Not for loan Date acquired Barcode Date last seen Price effective from Koha item type
        2018-12-17 35391 2018-12-17 2018-12-17 წიგნი